000 00592nam a2200181Ia 4500
003 GCL
008 140319s9999 xx 000 0 ara d
040 _aGCL /
_cGCL
082 0 4 _a301.2
_bك ل
100 1 _aشوقى جلال
245 1 0 _aلماذا ينفرد الانسان بالثقافة: الثقافات البشرية: نشاتها وتنوعها /
_cشوقى جلال
700 1 _aكاريذس، مايكل
300 _a319 ص
490 _aعالم المعرفة
_v0
650 0 4 _aالثقافة
650 0 4 _aالانثربولوجيا الثقافية
942 _2ddc
_cBK
999 _c51720
_d51720